<?xml version="1.0" encoding="UTF-8"?>
<collection xmlns="http://www.loc.gov/MARC21/slim">
 <record>
  <leader>03132cam a2200529   4500</leader>
  <controlfield tag="001">1475417071</controlfield>
  <controlfield tag="003">DE-627</controlfield>
  <controlfield tag="005">20240308173442.0</controlfield>
  <controlfield tag="007">tu</controlfield>
  <controlfield tag="008">140512s2013    xx |||||      00| ||gre c</controlfield>
  <datafield tag="020" ind1=" " ind2=" ">
   <subfield code="a">9782869582507</subfield>
   <subfield code="9">978-2-86958-250-7</subfield>
  </datafield>
  <datafield tag="024" ind1="3" ind2=" ">
   <subfield code="a">9782869582507</subfield>
  </datafield>
  <datafield tag="035" ind1=" " ind2=" ">
   <subfield code="a">(DE-627)1475417071</subfield>
  </datafield>
  <datafield tag="035" ind1=" " ind2=" ">
   <subfield code="a">(DE-576)405417071</subfield>
  </datafield>
  <datafield tag="035" ind1=" " ind2=" ">
   <subfield code="a">(DE-599)BSZ405417071</subfield>
  </datafield>
  <datafield tag="035" ind1=" " ind2=" ">
   <subfield code="a">(OCoLC)881301540</subfield>
  </datafield>
  <datafield tag="040" ind1=" " ind2=" ">
   <subfield code="a">DE-627</subfield>
   <subfield code="b">ger</subfield>
   <subfield code="c">DE-627</subfield>
   <subfield code="e">rakwb</subfield>
  </datafield>
  <datafield tag="041" ind1=" " ind2=" ">
   <subfield code="a">gre</subfield>
   <subfield code="a">fre</subfield>
  </datafield>
  <datafield tag="084" ind1=" " ind2=" ">
   <subfield code="a">6,14</subfield>
   <subfield code="2">ssgn</subfield>
  </datafield>
  <datafield tag="245" ind1="1" ind2="0">
   <subfield code="a">Sta bēmata tu Wilhelm Vollgraff</subfield>
   <subfield code="b">ekato chronia archaiologikēs drastēriotētas sto Argos; praktika tu diethnus synedriu pu diorganōthēke apo tēn 4 EPKA kai apo tē Gallikē Scholē Athēnōn, 25 - 28 Septembriu 2003 = Sur les pas de Wilhelm Vollgraff : cent ans d'activités archéologiques à Argos; actes du colloque international organisé par la IVe EPKA et l'École Française d'Athènes, 25 - 28 septembre 2003</subfield>
   <subfield code="c">epimeleia Dominique Mulliez ...</subfield>
  </datafield>
  <datafield tag="246" ind1="3" ind2="1">
   <subfield code="a">Sur les pas de Wilhelm Vollgraff</subfield>
   <subfield code="b">cent ans d'activités archéologiques à Argos; actes du colloque international organisé par la IVe EPKA et l'École Française d'Athènes, 25 - 28 septembre 2003</subfield>
  </datafield>
  <datafield tag="264" ind1=" " ind2="1">
   <subfield code="a">Athènes</subfield>
   <subfield code="b">École Française d'Athènes</subfield>
   <subfield code="c">2013</subfield>
  </datafield>
  <datafield tag="300" ind1=" " ind2=" ">
   <subfield code="a">442 S.</subfield>
   <subfield code="b">zahlr. Ill., graph. Darst., Kt.</subfield>
  </datafield>
  <datafield tag="336" ind1=" " ind2=" ">
   <subfield code="a">Text</subfield>
   <subfield code="b">txt</subfield>
   <subfield code="2">rdacontent</subfield>
  </datafield>
  <datafield tag="337" ind1=" " ind2=" ">
   <subfield code="a">ohne Hilfsmittel zu benutzen</subfield>
   <subfield code="b">n</subfield>
   <subfield code="2">rdamedia</subfield>
  </datafield>
  <datafield tag="338" ind1=" " ind2=" ">
   <subfield code="a">Band</subfield>
   <subfield code="b">nc</subfield>
   <subfield code="2">rdacarrier</subfield>
  </datafield>
  <datafield tag="490" ind1="1" ind2=" ">
   <subfield code="a">Ellēnogallikes ereunes</subfield>
   <subfield code="v">4</subfield>
  </datafield>
  <datafield tag="500" ind1=" " ind2=" ">
   <subfield code="a">Beitr. teilw. griech. in griech. Schrift, teilw. franz</subfield>
  </datafield>
  <datafield tag="583" ind1="1" ind2=" ">
   <subfield code="a">Archivierung/Langzeitarchivierung gewährleistet</subfield>
   <subfield code="f">SSG</subfield>
   <subfield code="x">XA-DE-BW</subfield>
   <subfield code="2">pdager</subfield>
   <subfield code="5">DE-16</subfield>
  </datafield>
  <datafield tag="655" ind1=" " ind2="7">
   <subfield code="a">Konferenzschrift</subfield>
   <subfield code="y">2003</subfield>
   <subfield code="z">Athen</subfield>
   <subfield code="0">(DE-588)1071861417</subfield>
   <subfield code="0">(DE-627)826484824</subfield>
   <subfield code="0">(DE-576)433375485</subfield>
   <subfield code="2">gnd-content</subfield>
  </datafield>
  <datafield tag="689" ind1="0" ind2="0">
   <subfield code="d">p</subfield>
   <subfield code="0">(DE-588)121704734</subfield>
   <subfield code="0">(DE-627)143250949</subfield>
   <subfield code="0">(DE-576)163438684</subfield>
   <subfield code="a">Vollgraff, Carl Wilhelm</subfield>
   <subfield code="d">1876-1967</subfield>
   <subfield code="2">gnd</subfield>
  </datafield>
  <datafield tag="689" ind1="0" ind2="1">
   <subfield code="d">g</subfield>
   <subfield code="0">(DE-588)4079822-7</subfield>
   <subfield code="0">(DE-627)106072064</subfield>
   <subfield code="0">(DE-576)209215046</subfield>
   <subfield code="a">Argos</subfield>
   <subfield code="2">gnd</subfield>
  </datafield>
  <datafield tag="689" ind1="0" ind2="2">
   <subfield code="d">s</subfield>
   <subfield code="0">(DE-588)4318315-3</subfield>
   <subfield code="0">(DE-627)127416609</subfield>
   <subfield code="0">(DE-576)211200719</subfield>
   <subfield code="a">Archäologische Stätte</subfield>
   <subfield code="2">gnd</subfield>
  </datafield>
  <datafield tag="689" ind1="0" ind2="3">
   <subfield code="d">s</subfield>
   <subfield code="0">(DE-588)4071507-3</subfield>
   <subfield code="0">(DE-627)104642874</subfield>
   <subfield code="0">(DE-576)209184205</subfield>
   <subfield code="a">Funde</subfield>
   <subfield code="2">gnd</subfield>
  </datafield>
  <datafield tag="689" ind1="0" ind2=" ">
   <subfield code="5">(DE-627)</subfield>
  </datafield>
  <datafield tag="700" ind1="1" ind2=" ">
   <subfield code="a">Mulliez, Dominique</subfield>
   <subfield code="d">1952-</subfield>
   <subfield code="e">Hrsg.</subfield>
   <subfield code="0">(DE-588)106104405X</subfield>
   <subfield code="0">(DE-627)803793588</subfield>
   <subfield code="0">(DE-576)417149786</subfield>
   <subfield code="4">edt</subfield>
  </datafield>
  <datafield tag="710" ind1="2" ind2=" ">
   <subfield code="a">Griechenland</subfield>
   <subfield code="b">4 Ephoreia Proïstorikōn kai Klasikōn Archaiotētōn</subfield>
   <subfield code="0">(DE-588)1050965671</subfield>
   <subfield code="0">(DE-627)785329005</subfield>
   <subfield code="0">(DE-576)405414986</subfield>
   <subfield code="4">oth</subfield>
  </datafield>
  <datafield tag="787" ind1="0" ind2="8">
   <subfield code="i">Rezensiert in</subfield>
   <subfield code="a">Wojan, Franck</subfield>
   <subfield code="t">[Rezension von: Dominique Mulliez (Hrsg.), Sur les pas de Wilhelm Vollgraff. Cent ans d'activités archéologiques à Αrgos]</subfield>
   <subfield code="d">2016</subfield>
   <subfield code="w">(DE-627)1818230585</subfield>
  </datafield>
  <datafield tag="830" ind1=" " ind2="0">
   <subfield code="a">Ellēnogallikes ereunes</subfield>
   <subfield code="v">4</subfield>
   <subfield code="9">4</subfield>
   <subfield code="w">(DE-627)1698268211</subfield>
   <subfield code="w">(DE-576)023798769</subfield>
   <subfield code="w">(DE-600)3022096-8</subfield>
   <subfield code="7">ns</subfield>
  </datafield>
  <datafield tag="856" ind1="4" ind2="2">
   <subfield code="u">https://swbplus.bsz-bw.de/bsz405417071inh.htm</subfield>
   <subfield code="m">B:DE-576;DE-16</subfield>
   <subfield code="q">application/pdf</subfield>
   <subfield code="v">20140703094217</subfield>
   <subfield code="x">Verlag</subfield>
   <subfield code="3">Inhaltsverzeichnis</subfield>
  </datafield>
  <datafield tag="951" ind1=" " ind2=" ">
   <subfield code="a">BO</subfield>
  </datafield>
  <datafield tag="990" ind1=" " ind2=" ">
   <subfield code="a">Vollgraff, Carl Wilhelm</subfield>
  </datafield>
  <datafield tag="990" ind1=" " ind2=" ">
   <subfield code="a">Argos</subfield>
  </datafield>
  <datafield tag="990" ind1=" " ind2=" ">
   <subfield code="a">Archäologische Stätte</subfield>
  </datafield>
  <datafield tag="990" ind1=" " ind2=" ">
   <subfield code="a">Funde</subfield>
  </datafield>
  <datafield tag="991" ind1=" " ind2=" ">
   <subfield code="a">Rezensiertes Werk</subfield>
  </datafield>
  <datafield tag="999" ind1=" " ind2=" ">
   <subfield code="a">KXP-PPN1475417071</subfield>
   <subfield code="e">4196208991</subfield>
  </datafield>
 </record>
</collection>
